000 00922nam a2200325 a 4500
001 000108283
003 CHAP
005 20220329144006.0
008 140122s2012 it abj |r| ||||||eng d
010 _a104745
011 _a105717
020 _a9789251073995
040 _cCHAP
082 0 4 _a634.9
_bF3y v.169
245 0 1 _aGlobal forest land-use change from 1990-2005 /
_cpor Erik J. Lindquist ...[et al.].
260 _aRoma :
_bFAO,
_c2012.
300 _axi, 40 p. :
_bil. tabs., maps.
490 1 _aFAO. Montes
_v; 169
505 0 _aIncluye bibliografía
590 _aE5995AHE
_b05
_c20140122
_lUCH01
_h1142
650 1 4 _aDesforestación.
_932131
650 1 4 _aEncuestas.
_936846
650 1 4 _aSuelos forestales.
_9110548
650 1 4 _aTierras
_xUtilización.
_9113219
700 1 _aLindquist, Erik J.
_9125215
830 0 _aFAO. Montes
_v; 169
_939632
901 _aBK
942 _cLIBRO
942 _n0
999 _c104745
_d104745